La degradación del empleo asalariado en los albores del siglo XXI: Costa Rica y México /
El artículo analiza la precariedad laboral de la fuerza de trabajo asalariado en Costa Rica y México, en una etapa avanzada del cambio estructural producto de la adopción de políticas de liberalización económica y apertura comercial, que dieron lugar al nuevo modelo de acumulación. A pesar de los di...
Spremljeno u:
| Glavni autor: | |
|---|---|
| Daljnji autori: | |
| Format: | Tekst |
| Teme: | |
| Oznake: |
Dodaj oznaku
Bez oznaka, Budi prvi tko označuje ovaj zapis!
|
MARC
| LEADER | 00000 a a2200000 04500 | ||
|---|---|---|---|
| 001 | 40580 | ||
| 003 | |||
| 040 | |||
| 100 | |a Mora Salas, Minor | ||
| 245 | |a La degradación del empleo asalariado en los albores del siglo XXI: |b Costa Rica y México / |c Minor Mora Salas ; Orlandina de Oliveira | ||
| 500 | |a mimora@colmex.mx |a odeolive@colmex.mx | ||
| 520 | |a El artículo analiza la precariedad laboral de la fuerza de trabajo asalariado en Costa Rica y México, en una etapa avanzada del cambio estructural producto de la adopción de políticas de liberalización económica y apertura comercial, que dieron lugar al nuevo modelo de acumulación. A pesar de los diferentes contextos, los factores determinantes de la precariedad laboral y el perfil de la mano de obra más vulnerable muestran similitudes. | ||
| 590 | |a SJB/MAYO2012 | ||
| 650 | |a EMPLEO | ||
| 650 | |a UTILIZACION DE LA MANO DE OBRA | ||
| 650 | |a EXPLOTACION LABORAL | ||
| 650 | |a AJUSTE ESTRUCTURAL | ||
| 650 | |a MERCADO DE TRABAJO | ||
| 650 | |a COSTA RICA | ||
| 650 | |a MEXICO | ||
| 700 | |a Oliveira, Orlandina de | ||
| 773 | |g volumen15, número61 (2009), páginas 195-231 : tablas | ||
| 999 | |c 19834 |d 19834 | ||
